The 50 Most Famous Tennis Players - Statistics

General Stats
  • This quiz has been taken 598 times
  • The average score is 25 of 50
Answer Stats
Answer % Correct
Roger Federer M Switzerland
98%
Novak Djokovic M Serbia
96%
Rafael Nadal M Spain
95%
Serena Williams F USA
92%
Venus Williams F USA
91%
Andy Murray M UK
83%
Andre Agassi M USA
80%
Björn Borg M Sweden
77%
Maria Sharapova F Russia
75%
Pete Sampras M USA
73%
John McEnroe M USA
72%
Steffi Graf F Germany
71%
Boris Becker M Germany
67%
Martina Navratilova F Czechia
64%
Stan Wawrinka M Switzerland
59%
Jimmy Connors M USA
57%
Naomi Osaka F Japan
54%
Andy Roddick M USA
51%
Justine Henin F Belgium
50%
Martina Hingis F Switzerland
50%
Monica Seles F Yugoslavia
49%
Rod Laver M Australia
49%
Lleyton Hewitt M Australia
47%
Marat Safin M Russia
47%
Stefan Edberg M Sweden
46%
Juan Martín del Potro M Argentina
44%
Billie Jean King F USA
43%
Caroline Wozniacki F Denmark
43%
Chris Evert F USA
42%
Kim Clijsters F Belgium
42%
Li Na F China
39%
Simona Halep F Romania
39%
Victoria Azarenka F Belarus
39%
Angelique Kerber F Germany
37%
Amélie Mauresmo F France
36%
Margaret Court F Australia
36%
Arthur Ashe M USA
35%
Ana Ivanovic F Serbia
33%
Arantxa Sánchez Vicario F Spain
32%
Gabriela Sabatini F Argentina
29%
Garbiñe Muguruza F Spain
29%
Lindsay Davenport F USA
29%
Anna Kournikova F Russia
27%
Petra Kvitová F Czechia
27%
Jelena Jankovic F Serbia
24%
Jennifer Capriati F USA
24%
Marion Bartoli F France
19%
Dinara Safina F Russia
14%
Samantha Stosur F Australia
13%
Sania Mirza F India
12%
No matching quizzes found
Score Distribution
Percent of People with Each Score
Percentile by Number Answered
Your Score History
You have not taken this quiz